000 00471nam a2200145Ia 4500
008 100204s9999 xx 000 0 und d
082 _b14525
245 _aतिबेटी डॉक्टर
260 _b"अंजली प्रकाशन, पुणे"
_c1990
300 _a292
630 _aतिबेटी डॉक्टर
700 _aपुरंदरे ग. नी.
730 _aतिबेटी डॉक्टर
942 _cBOOK
999 _c458956
_d458953